00257nam a22001097a 4500008004100000020001800041041000800059080000800067100000700075101000800082245005700090181003b xxu||||| |||| 00| 0 eng d a9781591477389 aeng a316 a48 aSOC aSenation Seeking And Risky Behavior cMarvin .Z